000 00296nam a2200121Ia 4500
008 190216s9999||||xx |||||||||||||| ||und||
100 _aKandaswami S
245 0 _aModern One Act Plays
260 _bUniversity Of Calicut
_c1997
300 _a120p
650 _aEnglish Prose
942 _cBK
999 _c13910
_d13910